00738nam a2200205 a 4500001001000000005001700010008004100027041000800068044000700076050002100083100004200104245009300146260006600239300003400305500002300339500006200362500000900424651004500433651005400478BRCA_516420190320204951.0840402s1906 fr-ac###a#---#000-0#spa-# aspa afr 4aF1231b.G66 19061 aGonzález Obregón, Luisd1865-193810aLos precursores de la independencia mexicana en el siglo XVIcLuis González Obregón. aParísbLibrería e Imprenta de la Vda. de C. Bauretc1906 a388 p.bil., retratosc20 cm. aIncluye apéndice aLa biblioteca cuenta con la edición 2008. Ver N.S. 3287 aDD63 4aMéxicoxHistoriayConquista, 1519-1540 4aMéxicoxHistoriayColonia española, 1540-1810